Situación político-económica de España (Record no. 122368)

MARC details
000 -LEADER
campo de control de longitud fija 00877nam a2200217 i 4500
001 - NÚMERO DE CONTROL
campo de control 122368
003 - IDENTIFICADOR DE NÚMERO DE CONTROL
campo de control ES-MaACL
005 - FECHA Y HORA DE LA ÚLTIMA TRANSACCIÓN
campo de control 20250904063056.0
007 - CAMPO FIJO DE DESCRIPCIÓN FÍSICA--INFORMACIÓN GENERAL
campo de control de longitud fija t|
008 - DATOS DE LONGITUD FIJA--INFORMACIÓN GENERAL
campo de control de longitud fija 070214s1920 sp |||| | spa d
100 1# - ENTRADA PRINCIPAL--NOMBRE DE PERSONA
Nombre de persona Prieto Pazos, Faustino,
Fechas asociadas al nombre 1861-
9 (RLIN) 93938
245 10 - MENCIÓN DEL TÍTULO
Título Situación político-económica de España
Resto del título : males y remedios /
Mención de responsabilidad, etc. Faustino Prieto Pazos ; edición costeada por el senador... D. Luis Federico Guirao y Girada.
260 ## - PUBLICACIÓN, DISTRIBUCIÓN, ETC.
Lugar de publicación, distribución, etc. Madrid :
Nombre del editor, distribuidor, etc. R. Velasco,
Fecha de publicación, distribución, etc. 1920.
300 ## - DESCRIPCIÓN FÍSICA
Extensión 24 p. ;
Dimensiones 23 cm.
500 ## - NOTA GENERAL
Nota general Precede al tít.: Real Sociedad Económica Matritense de Amigos del país.
651 #4 - PUNTO DE ACCESO ADICIONAL DE MATERIA--NOMBRE GEOGRÁFICO
Nombre geográfico España-
Subdivisión general Situación económica-
Subdivisión cronológica 1902-1931.
9 (RLIN) 158843
700 1# - ENTRADA AGREGADA--NOMBRE PERSONAL
Nombre de persona Guirao y Girada, Luis Federico.
9 (RLIN) 60888
710 2# - ENTRADA AGREGADA--NOMBRE DE ENTIDAD CORPORATIVA
Nombre de entidad corporativa o nombre de jurisdicción como elemento de entrada Real Sociedad Económica Matritense de Amigos del País.
9 (RLIN) 6389
852 ## - LOCALIZACIÓN
Ubicación ES-MaACL
Número de control de estantería 1596-F-22
Holdings
Estatus retirado Estado de pérdida Estado de daño No para préstamo Colección Biblioteca de origen Biblioteca actual Ubicación en estantería Fecha de adquisición Fuente de adquisición Total de préstamos Signatura topográfica completa Código de barras Visto por última vez Precio de reemplazo Tipo de ítem Koha
        Colección de folletos Biblioteca del Ateneo de Madrid Biblioteca del Ateneo de Madrid Depósito folletos 17/01/2008     1596-F-22 1127513 23/02/2023 23/02/2023 Folleto